| 000 | 00615nam a22002057a 4500 | ||
|---|---|---|---|
| 999 |
_c17431 _d17431 |
||
| 003 | AR-CdUCM | ||
| 008 | 190508b ||||| |||| 00| 0 spa d | ||
| 040 |
_aMUNICIPALIDAD PROVINCIAL DEL CUSCO _cBIBLIOTECA MUNICIPAL DEL CUSCO |
||
| 082 |
_a621.29 / _bF74 |
||
| 100 |
_aFontsere, Eduardo _937446 |
||
| 245 | _aTratado elemental de mecanica aplicada / | ||
| 260 |
_aBarcelona : _bGustavo gili, _c1958. |
||
| 300 |
_a494 paginas ; _c19 cm. |
||
| 500 | _aMecanica | ||
| 650 |
_aMecanica _919257 |
||
| 650 |
_aLiteratura _983 |
||
| 700 |
_aBocquet, J. A. _937447 |
||
| 942 |
_2ddc _cLIBROS |
||
| 945 |
_apjha _d2019-05-08 |
||